000 00940cam a22002055a 4500
001 L140827
008 071015s1915 xxk eng u
035 _a(Sirsi) u140827
041 0 _aeng
110 2 _aFarebrother, Ellis and Co.
_95388
245 0 0 _aStrand...
_bparticulars, plan and conditions of sale of a valuable freehold building site situate in the heart of Theatre Land known as the Tivoli site having an area of about 10,720 superficial feet...Messrs. Farebrother Ellis and Co. are instructed by The New Tivoli Limited to offer by auction at the Auction Mart, Tokenhouse Yard, E.C. on Thursday 25th of March 1915...
260 _aS.l.
_bs.n.
_c[1915]
300 _a12 p.
_cmap, col.
_c36 cm.
340 _aPrinted
351 _cSingle item
500 _aIncludes fold-out colour location plan.
651 4 _aLondon
690 _aPROPERTY-PROPERTY ACQUISITION AND DISPOSAL-ACQUISITION AND DISPOSAL AT AUCTION
942 _n0
999 _c116495
_d116495